Historia de la guerra de América entre Chile, Perú y Bolivia. Causas aparentes y verdaderas de la guerra

Gardado en:
Detalles Bibliográficos
Autor Principal: Caivano, Tomás (Author)
Formato: Libro
Idioma:Lingua castelá
Publicado: Lima Lima 1979
Subjects:
Tags: Engadir etiqueta
Sen Etiquetas, Sexa o primeiro en etiquetar este rexistro!

MARC

LEADER 00000nam a2200000 a 4500
001 UCS2653
003 CL-VaPUC
008 970604e19790000PE |||||||||||||||||spa|d
082 0 4 |a 985.061  |b CAI  |2 21 
100 0 |a Caivano, Tomás  |e author  |9 388322 
245 1 0 |a Historia de la guerra de América entre Chile, Perú y Bolivia. Causas aparentes y verdaderas de la guerra 
300 |a v 
942 |c BK 
945 |d 19970604 00:00:00  |a paguirre 
260 |a Lima  |b Lima  |c 1979 
650 0 |a Historia  |9 255047 
650 0 |a Guerra  |9 255876 
650 0 |a Conflicto internacional  |9 341259 
650 0 |a Relaciones Internacionales  |9 255740 
651 0 |a Perú  |9 256567 
651 7 |a CHILE  |2 CL-VaPUC  |9 388323 
651 0 |a Bolivia  |9 255454 
583 |a last modification  |c 19970604 00:00:00  |k Rodrigo Vera 
999 |c 260595  |d 260593 
952 |0 0  |1 0  |4 0  |6 985_061000000000000_CAI_1979  |7 0  |8 DER_HDC  |9 286824  |a BIBDER  |b BIBDER  |d 2019-11-19  |h v.1  |i 1860852  |l 1  |o 985.061 CAI 1979  |p 1860852  |r 2023-01-25  |s 2020-03-19  |w 2019-11-19  |x Ubicación 4to Piso  |y BK  |z Estos recursos deben solicitarse con anticipación  |k DER